[Event "Bulgaria ch 2009 fem"]
[Site "Dupnitsa BUL"]
[Date "2009.02.12"]
[Round "1.2"]
[White "Sirkova, Darena"]
[Black "Nikolova, Adriana"]
[Result "0-1"]
[WhiteElo "1942"]
[BlackElo "2310"]
[PlyCount "108"]
[EventDate "2009.02.13"]
[EventType "tourn"]
[EventRounds "11"]
[EventCountry "BUL"]
[EventCategory "2"]
[Source "lmi"]
[SourceDate "2009.02.13"]

1. e4 c5 2. Nc3 d6 3. Nge2 Nf6 4. g3 g6 5. Bg2 Bg7 6. O-O Nc6 7. a3 Rb8 8. Rb1
a5 9. Nb5 e5 10. c4 Nd4 11. Nexd4 cxd4 12. d3 h6 13. Bd2 O-O 14. b4 b6 15. bxa5
bxa5 16. f4 Ra8 17. Nxd6 Qxd6 18. fxe5 Qxe5 19. Bf4 Qh5 20. e5 Bg4 21. Qd2 Nd7
22. Bxa8 Rxa8 23. Rb5 Be6 24. Qg2 Ra7 25. Qe4 g5 26. Qxd4 Ra6 27. Be3 Bh3 28.
Rfb1 Re6 29. g4 Bxg4 30. Qxd7 Qh3 31. Qd4 Bf3 32. R1b2 Bc6 33. Rc5 Rd6 34. Qxd6
Qxe3+ 35. Kf1 Qc1+ 36. Ke2 Qxb2+ 37. Ke3 Qc1+ 38. Ke2 Ba4 39. Qd8+ Kh7 40. Qxa5
Bd1+ 41. Kf2 Qc2+ 42. Ke3 Qxh2 43. Kd4 Qb2+ 44. Ke3 Qe2+ 45. Kd4 g4 46. Rc7
Qf2+ 47. Kd5 Bf3+ 48. Kd6 Qd4+ 49. Ke7 g3 50. e6 Qf6+ 51. Ke8 Qxe6+ 52. Re7
Bc6+ 53. Kd8 Qd6+ 54. Kc8 Qxe7 0-1

[Event "Bulgaria ch 2009 fem"]
[Site "Dupnitsa BUL"]
[Date "2009.02.12"]
[Round "1.3"]
[White "Chilingirova, Pavlina"]
[Black "Genova, Lyubka"]
[Result "1/2-1/2"]
[WhiteElo "2155"]
[BlackElo "2231"]
[PlyCount "61"]
[EventDate "2009.02.13"]
[EventType "tourn"]
[EventRounds "11"]
[EventCountry "BUL"]
[EventCategory "2"]
[Source "lmi"]
[SourceDate "2009.02.13"]

1. c4 c5 2. Nc3 Nc6 3. g3 e5 4. Bg2 g6 5. e3 Bg7 6. Nge2 Nge7 7. O-O d6 8. d3
O-O 9. a3 Rb8 10. Rb1 a6 11. b4 cxb4 12. axb4 b5 13. cxb5 axb5 14. Nd5 Nxd5 15.
Bxd5 Ne7 16. Bg2 d5 17. Bd2 Bf5 18. Nc1 Qd6 19. Qe2 Nc6 20. Nb3 Rfd8 21. Nc5 d4
22. e4 Be6 23. Ra1 Rdc8 24. Rfc1 Ra8 25. Qd1 Ne7 26. Rxa8 Rxa8 27. Ra1 Rxa1 28.
Qxa1 Qc6 29. Bf1 Nc8 30. Be2 h5 31. Bd1 1/2-1/2

[Event "Bulgaria ch 2009 fem"]
[Site "Dupnitsa BUL"]
[Date "2009.02.12"]
[Round "1.4"]
[White "Vladimirova, Maria"]
[Black "Videnova, Iva"]
[Result "0-1"]
[WhiteElo "2062"]
[BlackElo "2193"]
[PlyCount "80"]
[EventDate "2009.02.13"]
[EventType "tourn"]
[EventRounds "11"]
[EventCountry "BUL"]
[EventCategory "2"]
[Source "lmi"]
[SourceDate "2009.02.13"]

1. e4 c5 2. Nf3 Nc6 3. c3 Nf6 4. e5 Nd5 5. d4 cxd4 6. cxd4 e6 7. Bc4 d6 8. O-O
Be7 9. Qe2 O-O 10. a3 Na5 11. Ba2 Bd7 12. Nbd2 a6 13. Qe4 Bc6 14. Bb1 g6 15.
Qg4 Bb5 16. Re1 Rc8 17. Ne4 Nb3 18. Neg5 Rxc1 19. Rxc1 Bxg5 20. Nxg5 Nxc1 21.
h4 Ne2+ 22. Kh2 h5 23. Qe4 Qe7 24. a4 Bc4 25. Ba2 Bxa2 26. Rxa2 Nec3 27. bxc3
Nxc3 28. Qc2 Nxa2 29. Qxa2 dxe5 30. dxe5 Qc5 31. Qe2 Qd4 32. g3 Qxa4 33. Ne4
Qd4 34. Nf6+ Kg7 35. Qf3 b5 36. Kg1 Rd8 37. Nxh5+ gxh5 38. Qf6+ Kf8 39. Qh8+
Ke7 40. Qf6+ Ke8 0-1

[Event "Bulgaria ch 2009 fem"]
[Site "Dupnitsa BUL"]
[Date "2009.02.12"]
[Round "1.5"]
[White "Bednikova, Stefi"]
[Black "Krumova, Ani"]
[Result "1/2-1/2"]
[WhiteElo "2087"]
[BlackElo "1812"]
[PlyCount "152"]
[EventDate "2009.02.13"]
[EventType "tourn"]
[EventRounds "11"]
[EventCountry "BUL"]
[EventCategory "2"]
[Source "lmi"]
[SourceDate "2009.02.13"]

1. e4 Nf6 2. e5 Nd5 3. c4 Nb6 4. d4 d6 5. exd6 cxd6 6. Nc3 g6 7. Be3 Bg7 8. Rc1
O-O 9. h3 Nc6 10. Nf3 e5 11. Be2 Re8 12. d5 Ne7 13. O-O Nf5 14. Bg5 f6 15. Bd2
e4 16. Ne1 e3 17. Bxe3 Nxe3 18. fxe3 Rxe3 19. Nc2 Re5 20. Qd2 Qf8 21. Rce1 Bh6
22. Qd4 Bf5 23. Bd3 Bd2 24. Bxf5 Bxe1 25. Be6+ Rxe6 26. dxe6 Bxc3 27. Qxc3 Kg7
28. Nd4 d5 29. cxd5 Nxd5 30. Qc4 Qd6 31. Rc1 Re8 32. Qa4 Re7 33. Qxa7 Nf4 34.
Rd1 Qd5 35. Rd2 Nxh3+ 36. gxh3 Qg5+ 37. Rg2 Qc1+ 38. Kf2 Qd2+ 39. Ne2 Qxb2 40.
Qc5 Rxe6 41. Qc7+ Kf8 42. Qc8+ Re8 43. Qc5+ Kg7 44. Qc4 b5 45. Qd3 Qxa2 46.
Qd7+ Qf7 47. Qxb5 Re5 48. Qd3 Qa7+ 49. Nd4 Qa5 50. Ne6+ Kh6 51. Nf4 Qe1+ 52.
Kf3 g5 53. Ne2 Qh4 54. Rg3 Qb4 55. Rg4 Qe1 56. Ng3 Qa5 57. Rd4 Qa8+ 58. Kf2
Qa2+ 59. Ne2 Qe6 60. Rd6 Rxe2+ 61. Kf1 Re1+ 62. Kf2 Qe5 63. Rxf6+ Qxf6+ 64.
Kxe1 Kg7 65. Qd7+ Kg6 66. Qe8+ Qf7 67. Qe4+ Qf5 68. Qe8+ Kg7 69. Qe7+ Kh6 70.
Qe3 Qb1+ 71. Kf2 Qc2+ 72. Kg3 Qc7+ 73. Kg4 Qd7+ 74. Kg3 Qd6+ 75. Kg4 Qg6 76.
Kg3 Qd6+ 1/2-1/2

[Event "Bulgaria ch 2009 fem"]
[Site "Dupnitsa BUL"]
[Date "2009.02.14"]
[Round "2.1"]
[White "Gradevska, Desislava"]
[Black "Yordanova, Svetla"]
[Result "0-1"]
[WhiteElo "1721"]
[BlackElo "2202"]
[PlyCount "64"]
[EventDate "2009.02.13"]
[EventType "tourn"]
[EventRounds "11"]
[EventCountry "BUL"]
[EventCategory "2"]
[Source "lmi"]
[SourceDate "2009.02.13"]

1. e4 e6 2. d3 d5 3. Nd2 c5 4. Ngf3 Nc6 5. Be2 Nf6 6. O-O Be7 7. c3 Qc7 8. Re1
b6 9. Qc2 Bb7 10. Bf1 O-O-O 11. e5 Nd7 12. d4 g5 13. h3 h5 14. Nb3 g4 15. Nh2
Rdg8 16. Bf4 gxh3 17. g3 h4 18. a4 hxg3 19. Bxg3 Bh4 20. Re3 f6 21. dxc5 bxc5
22. a5 Ncxe5 23. a6 Ba8 24. Na5 f5 25. Qa4 c4 26. Nb7 f4 27. Rxe5 fxg3 28. Bxh3
gxh2+ 29. Kh1 Bxf2 30. Bg2 Nxe5 31. Qb4 Nd3 32. Qb5 Rxg2 0-1

[Event "Bulgaria ch 2009 fem"]
[Site "Dupnitsa BUL"]
[Date "2009.02.14"]
[Round "2.2"]
[White "Krumova, Ani"]
[Black "Voiska, Margarita"]
[Result "0-1"]
[WhiteElo "1812"]
[BlackElo "2339"]
[PlyCount "56"]
[EventDate "2009.02.13"]
[EventType "tourn"]
[EventRounds "11"]
[EventCountry "BUL"]
[EventCategory "2"]
[Source "lmi"]
[SourceDate "2009.02.13"]

1. e4 c5 2. Nc3 Nc6 3. f4 e6 4. Bb5 Nge7 5. Nf3 a6 6. Bxc6 Nxc6 7. a4 d5 8. e5
Be7 9. d3 f5 10. O-O O-O 11. Qe1 d4 12. Ne2 Nb4 13. Qd1 b6 14. Bd2 Nd5 15. c4
dxc3 16. bxc3 Bb7 17. d4 c4 18. Qe1 Qd7 19. Qg3 b5 20. Qh3 bxa4 21. g4 Bc6 22.
Kf2 Rab8 23. Ra2 a3 24. gxf5 Rxf5 25. Rg1 Rb2 26. Qh6 Bg5 27. Qh3 Rxa2 28. Rxg5
Nxf4 0-1

[Event "Bulgaria ch 2009 fem"]
[Site "Dupnitsa BUL"]
[Date "2009.02.14"]
[Round "2.3"]
[White "Videnova, Iva"]
[Black "Bednikova, Stefi"]
[Result "1/2-1/2"]
[WhiteElo "2193"]
[BlackElo "2087"]
[PlyCount "126"]
[EventDate "2009.02.13"]
[EventType "tourn"]
[EventRounds "11"]
[EventCountry "BUL"]
[EventCategory "2"]
[Source "lmi"]
[SourceDate "2009.02.13"]

1. e4 c5 2. Nf3 d6 3. d4 cxd4 4. Nxd4 Nf6 5. Nc3 a6 6. a4 e6 7. Be2 Be7 8. O-O
Qc7 9. Be3 b6 10. f4 Bb7 11. Bf3 Nbd7 12. Qe2 O-O 13. g4 Nc5 14. Bd2 Rfd8 15.
g5 Ne8 16. f5 e5 17. Nb3 d5 18. Nxd5 Bxd5 19. exd5 e4 20. Bxe4 Nxe4 21. Qxe4
Nd6 22. Qd3 Nc4 23. Bf4 Bc5+ 24. Kh1 Bd6 25. Bxd6 Rxd6 26. Qd4 Rad8 27. Rae1
Qc8 28. Rf4 b5 29. axb5 axb5 30. Rfe4 Qa8 31. Kg1 Kf8 32. Qf2 Rxd5 33. Nd4 Nd6
34. Rh4 Kg8 35. Qf3 Re8 36. Rxe8+ Nxe8 37. Qh5 Re5 38. Qxh7+ Kf8 39. Qh8+ Ke7
40. Rf4 Re1+ 41. Rf1 Rxf1+ 42. Kxf1 Qe4 43. c3 Qf4+ 44. Ke2 Qg4+ 45. Kf2 Qxg5
46. Kf3 Nf6 47. Qh3 Qd2 48. Qg2 Qd3+ 49. Kf4 g5+ 50. Kxg5 Qe3+ 51. Kh4 Qf4+ 52.
Kh3 Ne4 53. Qe2 Kf6 54. Kg2 Qg5+ 55. Kf1 Qc1+ 56. Qe1 Qf4+ 57. Ke2 Qxh2+ 58.
Ke3 Nd6 59. Qf2 Nc4+ 60. Ke2 Qxf2+ 61. Kxf2 Nxb2 62. Kf3 Na4 63. Nxb5 Nxc3
1/2-1/2

[Event "Bulgaria ch 2009 fem"]
[Site "Dupnitsa BUL"]
[Date "2009.02.14"]
[Round "2.4"]
[White "Genova, Lyubka"]
[Black "Vladimirova, Maria"]
[Result "1-0"]
[WhiteElo "2231"]
[BlackElo "2062"]
[PlyCount "45"]
[EventDate "2009.02.13"]
[EventType "tourn"]
[EventRounds "11"]
[EventCountry "BUL"]
[EventCategory "2"]
[Source "lmi"]
[SourceDate "2009.02.13"]

1. e4 c5 2. Nf3 e6 3. b3 Nc6 4. Bb2 d6 5. d4 cxd4 6. Nxd4 Nf6 7. Bd3 Be7 8. O-O
O-O 9. c4 Nb4 10. Nc3 Nxd3 11. Qxd3 a6 12. Kh1 Qc7 13. f4 b6 14. Rae1 Nd7 15.
f5 Nc5 16. Qd2 Bf6 17. Rf3 Qe7 18. Nd5 exd5 19. Nc6 Qe8 20. Bxf6 Nxe4 21. Rxe4
Qxe4 22. Ne7+ Kh8 23. Bxg7+ 1-0

[Event "Bulgaria ch 2009 fem"]
[Site "Dupnitsa BUL"]
[Date "2009.02.14"]
[Round "2.5"]
[White "Nikolova, Adriana"]
[Black "Chilingirova, Pavlina"]
[Result "1-0"]
[WhiteElo "2310"]
[BlackElo "2155"]
[PlyCount "75"]
[EventDate "2009.02.13"]
[EventType "tourn"]
[EventRounds "11"]
[EventCountry "BUL"]
[EventCategory "2"]
[Source "lmi"]
[SourceDate "2009.02.13"]

1. e4 c5 2. Nf3 d6 3. d4 Nf6 4. Nc3 cxd4 5. Nxd4 a6 6. Bg5 e6 7. f4 Nbd7 8. Qf3
Qc7 9. O-O-O Be7 10. g4 b5 11. Bxf6 Nxf6 12. g5 Nd7 13. f5 e5 14. f6 exd4 15.
Nd5 Qc5 16. b4 Qa7 17. Nxe7 gxf6 18. Nf5 Qc7 19. Rxd4 Ne5 20. Ng7+ Kd7 21. Qxf6
Kc6 22. Nf5 Bxf5 23. exf5 Rad8 24. Bg2+ Kb6 25. Rhd1 Nc4 26. Re4 a5 27. Re7 Qb8
28. Rb7+ Qxb7 29. Bxb7 Kxb7 30. Qxf7+ Kb6 31. a4 Rc8 32. bxa5+ Kxa5 33. axb5
Kb4 34. Rd4 Rc5 35. Rd3 Ra8 36. Rb3+ Ka5 37. b6 Nxb6 38. Qb7 1-0

[Event "Bulgaria ch 2009 fem"]
[Site "Dupnitsa BUL"]
[Date "2009.02.14"]
[Round "2.6"]
[White "Petkova, Veneta"]
[Black "Sirkova, Darena"]
[Result "0-1"]
[WhiteElo "1964"]
[BlackElo "1942"]
[PlyCount "48"]
[EventDate "2009.02.13"]
[EventType "tourn"]
[EventRounds "11"]
[EventCountry "BUL"]
[EventCategory "2"]
[Source "lmi"]
[SourceDate "2009.02.13"]

1. Nf3 c5 2. c4 Nc6 3. d4 cxd4 4. Nxd4 e5 5. Nc2 f5 6. Nc3 Nf6 7. g3 Bc5 8. Bg2
O-O 9. O-O a6 10. Bg5 d6 11. Nd5 Be6 12. Bxf6 gxf6 13. e3 Kh8 14. Qh5 Rg8 15.
h4 f4 16. Be4 Rg7 17. Kh2 Bg4 18. Qh6 f5 19. Nf6 fxe4 20. gxf4 Qe7 21. f5 Bxf5
22. Rg1 Rg6 23. Rxg6 Bxg6 24. Qg5 Rf8 0-1

[Event "Bulgaria ch 2009 fem"]
[Site "Dupnitsa BUL"]
[Date "2009.02.15"]
[Round "3.1"]
[White "Sirkova, Darena"]
[Black "Gradevska, Desislava"]
[Result "1-0"]
[WhiteElo "1942"]
[BlackElo "1721"]
[PlyCount "65"]
[EventDate "2009.02.13"]
[EventType "tourn"]
[EventRounds "11"]
[EventCountry "BUL"]
[EventCategory "2"]
[Source "lmi"]
[SourceDate "2009.02.13"]

1. e4 c5 2. Nc3 d6 3. Nge2 Nf6 4. g3 g6 5. Bg2 Bg7 6. O-O Nc6 7. a3 Rb8 8. Rb1
a5 9. Nb5 e5 10. d3 Nd4 11. Nexd4 cxd4 12. c4 O-O 13. Bd2 h6 14. b4 b6 15. bxa5
bxa5 16. f4 Ra8 17. Qc1 Kh7 18. a4 Bg4 19. Qe1 Ra6 20. f5 Nd7 21. h3 Bxh3 22.
Bxh3 Nc5 23. Rf3 Nxa4 24. Ra1 Nc3 25. Bxc3 dxc3 26. Nxc3 Qb6+ 27. Qf2 Qc6 28.
fxg6+ fxg6 29. Rxf8 Bxf8 30. Qxf8 Qb6+ 31. Qf2 Qb7 32. Nd5 a4 33. Qf8 1-0

[Event "Bulgaria ch 2009 fem"]
[Site "Dupnitsa BUL"]
[Date "2009.02.15"]
[Round "3.2"]
[White "Chilingirova, Pavlina"]
[Black "Petkova, Veneta"]
[Result "1-0"]
[WhiteElo "2155"]
[BlackElo "1964"]
[PlyCount "91"]
[EventDate "2009.02.13"]
[EventType "tourn"]
[EventRounds "11"]
[EventCountry "BUL"]
[EventCategory "2"]
[Source "lmi"]
[SourceDate "2009.02.13"]

1. c4 e5 2. d3 Nf6 3. Nf3 c6 4. Nc3 Qc7 5. Bg5 Be7 6. e4 d6 7. Nd2 Nxe4 8. Bxe7
Nxd2 9. Bxd6 Qxd6 10. Qxd2 Bf5 11. O-O-O Na6 12. Qe3 Qd4 13. Qxd4 exd4 14. Re1+
Kd7 15. Ne4 Bxe4 16. dxe4 c5 17. g3 Rhe8 18. Bh3+ Kd6 19. a3 Rab8 20. f4 f6 21.
Rhf1 b5 22. cxb5 Rxb5 23. e5+ fxe5 24. fxe5+ Rxe5 25. Rxe5 Kxe5 26. Re1+ Kd5
27. Be6+ Kd6 28. Bc4 Rb6 29. Re6+ Kc7 30. Re7+ Kd6 31. Rxg7 Nc7 32. Rxh7 Ne8
33. Rh6+ Ke5 34. Rh5+ Kd6 35. Rf5 Rb7 36. Rd5+ Kc6 37. Re5 Nc7 38. g4 Rb8 39.
g5 Re8 40. Rxe8 Nxe8 41. h4 Kd6 42. h5 Ke7 43. h6 Kf8 44. g6 a5 45. Kd2 a4 46.
Kd3 1-0

[Event "Bulgaria ch 2009 fem"]
[Site "Dupnitsa BUL"]
[Date "2009.02.15"]
[Round "3.4"]
[White "Bednikova, Stefi"]
[Black "Genova, Lyubka"]
[Result "0-1"]
[WhiteElo "2087"]
[BlackElo "2231"]
[PlyCount "116"]
[EventDate "2009.02.13"]
[EventType "tourn"]
[EventRounds "11"]
[EventCountry "BUL"]
[EventCategory "2"]
[Source "lmi"]
[SourceDate "2009.02.13"]

1. e4 c5 2. Nf3 e6 3. d4 cxd4 4. Nxd4 a6 5. c4 Nf6 6. Nc3 Bb4 7. Nc2 Bxc3+ 8.
bxc3 Nxe4 9. Qg4 Nf6 10. Qxg7 Rg8 11. Qh6 Rg6 12. Qh3 Qc7 13. Bd3 Rg8 14. O-O
d6 15. Ne3 Nbd7 16. Re1 Ne5 17. Nf5 exf5 18. f4 Bd7 19. fxe5 dxe5 20. Bxf5
O-O-O 21. Bxd7+ Rxd7 22. Ba3 Kb8 23. Rad1 Rxd1 24. Rxd1 Rd8 25. Qf3 Rxd1+ 26.
Qxd1 Ne8 27. Qd5 Kc8 28. Kf2 Nf6 29. Qf3 Qc6 30. Qxc6+ bxc6 31. Ke3 Kd7 32. h3
h5 33. g3 Ke6 34. Bc1 Kf5 35. Ba3 Nd7 36. c5 Ke6 37. g4 hxg4 38. hxg4 Kd5 39.
c4+ Kxc4 40. Ke4 f6 41. Kf5 Kd5 42. Bb4 e4 43. Kf4 Nxc5 44. Bxc5 Kxc5 45. Kxe4
Kd6 46. Kf5 Ke7 47. Ke4 Ke6 48. Kd4 Kd6 49. Ke4 c5 50. Kd3 Ke5 51. Kc4 Kf4 52.
Kxc5 Kxg4 53. Kb6 f5 54. a4 f4 55. a5 f3 56. Kxa6 f2 57. Kb7 f1=Q 58. a6 Qb5+
0-1

[Event "Bulgaria ch 2009 fem"]
[Site "Dupnitsa BUL"]
[Date "2009.02.15"]
[Round "3.5"]
[White "Voiska, Margarita"]
[Black "Videnova, Iva"]
[Result "1-0"]
[WhiteElo "2339"]
[BlackElo "2193"]
[PlyCount "99"]
[EventDate "2009.02.13"]
[EventType "tourn"]
[EventRounds "11"]
[EventCountry "BUL"]
[EventCategory "2"]
[Source "lmi"]
[SourceDate "2009.02.13"]

1. d4 Nf6 2. Nf3 e6 3. e3 b6 4. Bd3 Bb7 5. O-O d5 6. Ne5 Be7 7. c3 O-O 8. Nd2
Ne4 9. Qc2 f5 10. f3 Nxd2 11. Bxd2 Nd7 12. Nxd7 Qxd7 13. e4 c5 14. exf5 c4 15.
Be2 exf5 16. Bf4 Bf6 17. Qd2 Rae8 18. Bd1 h6 19. Bc2 g5 20. Be5 Bxe5 21. dxe5
f4 22. Qd4 Qc7 23. Rfe1 Qc5 24. a4 Bc8 25. Rad1 Qxd4+ 26. Rxd4 Be6 27. Kf2 Rd8
28. g3 Bf5 29. e6 fxg3+ 30. hxg3 Rde8 31. Bxf5 Rxf5 32. g4 Rf6 33. Rxd5 Rfxe6
34. Rxe6 Rxe6 35. Rd8+ Kg7 36. Rd7+ Kf6 37. Rxa7 Ke5 38. a5 bxa5 39. Rxa5+ Kf6
40. Rc5 Rb6 41. Rxc4 Rxb2+ 42. Ke3 Rb6 43. Re4 Kg6 44. Re5 Rf6 45. c4 h5 46.
gxh5+ Kxh5 47. c5 Kg6 48. Rd5 Re6+ 49. Kd4 Re1 50. c6 1-0

[Event "Bulgaria ch 2009 fem"]
[Site "Dupnitsa BUL"]
[Date "2009.02.15"]
[Round "3.6"]
[White "Yordanova, Svetla"]
[Black "Krumova, Ani"]
[Result "1-0"]
[WhiteElo "2202"]
[BlackElo "1812"]
[PlyCount "45"]
[EventDate "2009.02.13"]
[EventType "tourn"]
[EventRounds "11"]
[EventCountry "BUL"]
[EventCategory "2"]
[Source "lmi"]
[SourceDate "2009.02.13"]

1. d4 Nf6 2. Nc3 g6 3. e4 d6 4. Nf3 Bg7 5. h3 O-O 6. Be3 Na6 7. Be2 c6 8. a4
Nc7 9. O-O d5 10. e5 Nfe8 11. Nh2 c5 12. f4 cxd4 13. Qxd4 f6 14. Rad1 e6 15.
Nf3 fxe5 16. fxe5 Nd6 17. Bg5 Qe8 18. Qc5 Rxf3 19. Rxf3 Nf7 20. Bf6 Na6 21.
Bxa6 bxa6 22. Rdf1 Bh6 23. Be7 1-0

[Event "Bulgaria ch 2009 fem"]
[Site "Dupnitsa BUL"]
[Date "2009.02.16"]
[Round "4.2"]
[White "Videnova, Iva"]
[Black "Yordanova, Svetla"]
[Result "1-0"]
[WhiteElo "2193"]
[BlackElo "2202"]
[PlyCount "55"]
[EventDate "2009.02.13"]
[EventType "tourn"]
[EventRounds "11"]
[EventCountry "BUL"]
[EventCategory "2"]
[Source "lmi"]
[SourceDate "2009.02.13"]

1. e4 e5 2. Nf3 Nc6 3. Bb5 a6 4. Ba4 Nf6 5. Qe2 Be7 6. c3 b5 7. Bb3 O-O 8. O-O
d6 9. d4 Bb7 10. a4 b4 11. d5 Na5 12. Bc2 b3 13. Bd1 c6 14. c4 Rc8 15. Bd2 cxd5
16. cxd5 Qb6 17. Qe1 Nc4 18. a5 Qa7 19. Bc3 Rc7 20. Bxb3 Rfc8 21. Qe2 Qb8 22.
Ba4 Bd8 23. b3 Nxa5 24. Bxa5 Rc2 25. Bd2 Bb6 26. Na3 Rb2 27. Nc4 Rxc4 28. Qxc4
1-0

[Event "Bulgaria ch 2009 fem"]
[Site "Dupnitsa BUL"]
[Date "2009.02.16"]
[Round "4.3"]
[White "Genova, Lyubka"]
[Black "Voiska, Margarita"]
[Result "1/2-1/2"]
[WhiteElo "2231"]
[BlackElo "2339"]
[PlyCount "61"]
[EventDate "2009.02.13"]
[EventType "tourn"]
[EventRounds "11"]
[EventCountry "BUL"]
[EventCategory "2"]
[Source "lmi"]
[SourceDate "2009.02.13"]

1. e4 e6 2. d4 d5 3. exd5 exd5 4. Bd3 Bd6 5. Ne2 Ne7 6. Bf4 c6 7. Bxd6 Qxd6 8.
O-O O-O 9. c3 Bf5 10. Ng3 Bxd3 11. Qxd3 Nd7 12. Nd2 Qg6 13. Qxg6 hxg6 14. Rfe1
Rae8 15. Nf3 f6 16. Kf1 Kf7 17. Re2 Nc8 18. Rae1 Nd6 19. Rxe8 Rxe8 20. Rxe8
Kxe8 21. Ke2 Ke7 22. Kd3 a5 23. b3 b5 24. Nd2 Nf8 25. Ne2 Ne6 26. c4 b4 27. f3
Nf5 28. g3 Kd6 29. c5+ Kd7 30. Nf1 Nc7 31. Nd2 1/2-1/2

[Event "Bulgaria ch 2009 fem"]
[Site "Dupnitsa BUL"]
[Date "2009.02.16"]
[Round "4.4"]
[White "Nikolova, Adriana"]
[Black "Bednikova, Stefi"]
[Result "1/2-1/2"]
[WhiteElo "2310"]
[BlackElo "2087"]
[PlyCount "70"]
[EventDate "2009.02.13"]
[EventType "tourn"]
[EventRounds "11"]
[EventCountry "BUL"]
[EventCategory "2"]
[Source "lmi"]
[SourceDate "2009.02.13"]

1. e4 c5 2. Nf3 d6 3. d4 cxd4 4. Nxd4 Nf6 5. Nc3 a6 6. Bg5 e6 7. f4 Qb6 8. Nb3
Qe3+ 9. Qe2 Qxe2+ 10. Bxe2 Nbd7 11. O-O-O b5 12. Bf3 b4 13. Nb1 Bb7 14. Rhe1
Rc8 15. Rd4 Nc5 16. e5 dxe5 17. Bxb7 Nxb7 18. Rxe5 Be7 19. Re2 h6 20. Bxf6 gxf6
21. N1d2 h5 22. Nc4 Rc7 23. Nbd2 Rd7 24. Nf3 Bc5 25. Rxd7 Kxd7 26. Nfd2 Ke7 27.
Ne4 Ba7 28. Ng3 Bb8 29. Re4 Nc5 30. Rd4 h4 31. Ne2 Bc7 32. Ne3 Bd6 33. Nc4 Bc7
34. Ne3 Bd6 35. Nc4 Bc7 1/2-1/2

[Event "Bulgaria ch 2009 fem"]
[Site "Dupnitsa BUL"]
[Date "2009.02.16"]
[Round "4.5"]
[White "Petkova, Veneta"]
[Black "Vladimirova, Maria"]
[Result "0-1"]
[WhiteElo "1964"]
[BlackElo "2062"]
[PlyCount "82"]
[EventDate "2009.02.13"]
[EventType "tourn"]
[EventRounds "11"]
[EventCountry "BUL"]
[EventCategory "2"]
[Source "lmi"]
[SourceDate "2009.02.13"]

1. e4 c5 2. Nf3 e6 3. d4 cxd4 4. Nxd4 a6 5. c4 Qc7 6. Nc3 Nc6 7. Be3 Nf6 8. Bd3
Ne5 9. Qe2 Nxd3+ 10. Qxd3 Ng4 11. b3 Nxe3 12. Qxe3 Bc5 13. Rd1 O-O 14. O-O d6
15. Qg3 Bd7 16. Kh1 Rac8 17. a4 Qb6 18. Nce2 d5 19. cxd5 exd5 20. e5 Rce8 21.
f4 f6 22. Qf3 Kh8 23. Qxd5 Bg4 24. Nf3 Rd8 25. Qc4 Rxd1 26. Rxd1 Bxf3 27. gxf3
fxe5 28. Rd5 Be7 29. Kg2 Qg6+ 30. Kf1 Qb1+ 31. Kg2 Qg6+ 32. Kf1 Qh6 33. Rxe5
Qh3+ 34. Kf2 Bh4+ 35. Ke3 Qxh2 36. Ke4 Bf6 37. Rc5 Re8+ 38. Kd5 Qh5+ 39. Kd6
Be7+ 40. Kd7 Bxc5 41. Ng3 Re7+ 0-1

[Event "Bulgaria ch 2009 fem"]
[Site "Dupnitsa BUL"]
[Date "2009.02.17"]
[Round "5.1"]
[White "Chilingirova, Pavlina"]
[Black "Gradevska, Desislava"]
[Result "1-0"]
[WhiteElo "2155"]
[BlackElo "1721"]
[PlyCount "67"]
[EventDate "2009.02.13"]
[EventType "tourn"]
[EventRounds "11"]
[EventCountry "BUL"]
[EventCategory "2"]
[Source "lmi"]
[SourceDate "2009.02.13"]

1. c4 c5 2. Nc3 Nc6 3. g3 g6 4. Bg2 Bg7 5. e3 Nh6 6. h4 Nf5 7. h5 Ne5 8. d3 e6
9. Nge2 g5 10. e4 Nd4 11. Nxd4 cxd4 12. Nb5 O-O 13. f4 Qa5+ 14. Ke2 gxf4 15.
gxf4 Ng4 16. Bf3 Ne3 17. Qg1 Kh8 18. h6 Bf6 19. Nd6 e5 20. Bh5 exf4 21. Nxf7+
Rxf7 22. Bxf7 Qd8 23. Bxe3 dxe3 24. Qg2 d6 25. Rag1 f3+ 26. Kxf3 Bg4+ 27. Qxg4
Qf8 28. Qg7+ Bxg7 29. hxg7+ Qxg7 30. Rxg7 Kxg7 31. Bd5 Rf8+ 32. Kxe3 b6 33.
Rg1+ Kh8 34. d4 1-0

[Event "Bulgaria ch 2009 fem"]
[Site "Dupnitsa BUL"]
[Date "2009.02.17"]
[Round "5.2"]
[White "Vladimirova, Maria"]
[Black "Sirkova, Darena"]
[Result "1-0"]
[WhiteElo "2062"]
[BlackElo "1942"]
[PlyCount "57"]
[EventDate "2009.02.13"]
[EventType "tourn"]
[EventRounds "11"]
[EventCountry "BUL"]
[EventCategory "2"]
[Source "lmi"]
[SourceDate "2009.02.13"]

1. e4 c5 2. Nf3 e6 3. d4 cxd4 4. Nxd4 Nf6 5. Bd3 Nc6 6. Nxc6 bxc6 7. O-O d5 8.
Qe2 Qc7 9. Nd2 Bd6 10. g3 e5 11. Re1 O-O 12. c4 Bg4 13. Qf1 dxe4 14. Nxe4 Nxe4
15. Rxe4 f5 16. Rxg4 fxg4 17. Qe2 Bc5 18. Qe4 Bxf2+ 19. Kh1 g6 20. Bh6 Rfd8 21.
c5 Rd4 22. Bc4+ Kh8 23. Qe2 e4 24. Qxf2 Rxc4 25. Qf6+ Kg8 26. Rf1 Rc1 27. Bxc1
Qg7 28. Qe6+ Kh8 29. Bg5 1-0

[Event "Bulgaria ch 2009 fem"]
[Site "Dupnitsa BUL"]
[Date "2009.02.17"]
[Round "5.3"]
[White "Bednikova, Stefi"]
[Black "Petkova, Veneta"]
[Result "1-0"]
[WhiteElo "2087"]
[BlackElo "1964"]
[PlyCount "65"]
[EventDate "2009.02.13"]
[EventType "tourn"]
[EventRounds "11"]
[EventCountry "BUL"]
[EventCategory "2"]
[Source "lmi"]
[SourceDate "2009.02.13"]

1. e4 e6 2. d4 d5 3. Nd2 Nf6 4. Bd3 c5 5. e5 Nfd7 6. c3 Nc6 7. Ne2 cxd4 8. cxd4
f6 9. exf6 Nxf6 10. Nf3 Bd6 11. O-O Qc7 12. a3 O-O 13. b4 a6 14. Bb2 Nh5 15.
Ng3 Nf4 16. Bc2 g6 17. Rc1 Qg7 18. Re1 Bd7 19. Ne5 Bxe5 20. dxe5 Qf7 21. Qd2 h5
22. Re3 Ne7 23. Rf3 Bb5 24. Bd1 g5 25. Rc7 Rae8 26. Nxh5 Qxh5 27. Rxf4 Qh6 28.
Rg4 Ng6 29. Qxg5 Qxg5 30. Rxg5 Bd3 31. h4 Rf7 32. Rc3 Bf5 33. h5 1-0

[Event "Bulgaria ch 2009 fem"]
[Site "Dupnitsa BUL"]
[Date "2009.02.17"]
[Round "5.5"]
[White "Yordanova, Svetla"]
[Black "Genova, Lyubka"]
[Result "1/2-1/2"]
[WhiteElo "2202"]
[BlackElo "2231"]
[PlyCount "64"]
[EventDate "2009.02.13"]
[EventType "tourn"]
[EventRounds "11"]
[EventCountry "BUL"]
[EventCategory "2"]
[Source "lmi"]
[SourceDate "2009.02.13"]

1. d4 g6 2. Nf3 Bg7 3. c4 d6 4. Nc3 Nd7 5. g3 e5 6. Bg2 Ne7 7. O-O O-O 8. dxe5
Nxe5 9. Nxe5 dxe5 10. Qc2 c6 11. b3 Qc7 12. Bb2 Be6 13. Rad1 Rad8 14. h3 Rxd1
15. Rxd1 Rd8 16. Na4 Rxd1+ 17. Qxd1 Qd7 18. Qxd7 Bxd7 19. Nc5 Bc8 20. Ne4 b6
21. Ba3 c5 22. Nc3 Bd7 23. h4 h5 24. Nd5 Nxd5 25. cxd5 Bf8 26. Bb2 Bd6 27. e4
Kf8 28. f3 Ke7 29. Bf1 Kd8 30. Kf2 Ke7 31. Ke3 f6 32. f4 Kf7 1/2-1/2